Els Íbers : Puig Castellar, poblat laietà / M. Lluïsa Gutiérrez Puig Castellar, poblat laietà / M. Lluïsa Gutiérrez
ISBN:
84-85729-73-0
Publicado:
Barcelona :
Graó : Servei d'Ensenyament i Investigació de la Diputació de Barcelona ,
1987
Descripción Física:
61 p. : il. ; 20 x 21 cm
Colección:
Biblioteca de la classe ; 28
MARC
| LEADER | 00000nam a2200000Ia 4500 | ||
|---|---|---|---|
| 001 | 7600 | ||
| 008 | 160829s1987 xx 000 0 cat d | ||
| 020 | |a 84-85729-73-0 | ||
| 080 | |a H-2-59 | ||
| 100 | |a Gutiérrez Medina, María Luisa |9 32209 | ||
| 245 | |a Els Íbers : |b Puig Castellar, poblat laietà / M. Lluïsa Gutiérrez | ||
| 260 | |a Barcelona : |b Graó : |b Servei d'Ensenyament i Investigació de la Diputació de Barcelona, |c 1987 | ||
| 300 | |a 61 p. : |b il. ; |c 20 x 21 cm | ||
| 490 | |a Biblioteca de la classe ; 28 | ||
| 650 | |a Ibers |x Santa Coloma de Gramenet |x Ensenyament |9 32211 | ||
| 650 | |a Santa Coloma de Gramenet |x Arqueologia |x Ensenyament |9 32212 | ||
| 651 | 0 | |a Puig Castellar (Santa Coloma de Gramenet : Jaciment arqueològic) |9 54899 | |
| 710 | 1 | |a Barcelona (Catalunya : Província). |b Servei d'Ensenyament i Investigació |9 54366 | |
| 901 | |a Arxiu | ||
| 942 | |n 1 | ||
| 952 | |0 0 |1 0 |4 0 |6 H259 |7 1 |9 45906 |a Arxiu |b Arxiu |d 2016-12-01 |l 0 |o H-2-59 |p 7600 |r 2016-12-01 00:00:00 |w 2016-12-01 |y ARXIU | ||
| 999 | |c 49407 |d 49407 | ||